Animal Word Chain Game - Statistics

General Stats
  • This quiz has been taken 9 times
  • The average score is 7 of 15
Answer Stats
Hint Answer % Correct
African Bush, African Forest, and Asian elephant
78%
We like to move it move it lemur
78%
Underwater unicorn narwhal
78%
Spanish for "Little armoured one" armadillo
67%
Three hearts and blue blood octopus
67%
A people and a fruit as well kiwi
56%
"Little big cat" ocelot
56%
Subspecies functionally extinct, two females left rhino
56%
Eight legs and curved tail scorpion
56%
Their name means "earth pig" aardvark
33%
Could wreck your house termite
33%
South American, Baird's, Mountain, and Malayan tapir
22%
Some people's pets, another's nightmare tarantula
22%
Alberian Ribbed, Northern Crested, and Alpine newt
11%
Largest of the procyonid family raccoon
11%
No matching quizzes found
Score Distribution
Percent of People with Each Score
Percentile by Number Answered
Your Score History
You have not taken this quiz